Statistics for Countries with the highest alcohol consumption (per capita)

Click here to take the quiz!

General Stats

  • This quiz has been taken 51 times
  • The average score is 8 of 16

Answer Stats

Consumption (litres of pure alcohol)Country% Correct
12,2Germany
88%
11,6Poland
86%
13,3Czechia
71%
11,3France
69%
11,7Ireland
65%
17Romania
63%
11,9Bulgaria
61%
11,3Estonia
59%
11,8Lithuania
59%
13,1Latvia
57%
11,4Moldova
51%
11,5Luxembourg
37%
14,3Georgia
29%
12,2Uganda
16%
12Seychelles
12%
11,5Laos
8%

Score Distribution

Percentile by Number Answered

Percent of People with Each Score

Your Score History

You have not taken this quiz